000 00449nam a2200157 i 4500
001 39345
003 ES-MaACL
005 20230906155943.0
007 t|
008 030227s1962 sp ||||1| spa d
100 1 _aCalle Iturrino, Esteban.
_933706
245 1 0 _aTrece sonetos astronĂ¡uticos /
_cEsteban Calle Iturrino.
260 _aBilbao :
_b[s.n.,
_c1962] (
_fGrĂ¡f. Nore)
300 _a14 fol. ;
_c24 cm.
852 _aES-MaACL
_jC-22356
_bR.50006
999 _c39345
_d39345